[Event "Khanty-Mansiysk Governor Cup-A 5th"]
[Site "Khanty-Mansiysk"]
[Date "2009.11.27"]
[Round "4"]
[White "Obodchuk, Andrei"]
[Black "Nagaev, Serghei"]
[Result "1-0"]
[WhiteElo "2445"]
[BlackElo "2188"]
[PlyCount "106"]
[EventDate "2009.11.24"]
[EventType "swiss"]
[EventRounds "10"]
[EventCountry "RUS"]
[SourceTitle "EXT 2011"]
[Source "ChessBase"]
[SourceDate "2010.11.26"]
[SourceVersion "1"]
[SourceVersionDate "2010.11.26"]
[SourceQuality "1"]

1. e4 c5 2. Nf3 d6 3. d4 cxd4 4. Nxd4 Nf6 5. Nc3 g6 6. Be3 Bg7 7. f3 0-0 8. Qd2 Nc6 9. Bc4 Bd7 10. 0-0-0 Ne5 11. Bb3 Rc8 12. Kb1 Nc4 13. Bxc4 Rxc4 14. g4 a6 15. h4 Qc7 16. g5 Nh5 17. Nd5 Qd8 18. Nb3 e6 19. Nb6 Rc6 20. Qb4 Qc7 21. Rd2 Be8 22. Na5 Rc5 23. Bxc5 dxc5 24. Qb3 Bb5 25. Nac4 Bxc4 26. Nxc4 b5 27. Ne3 c4 28. Qa3 Qf4 29. Qc5 Qxf3 30. Rhd1 h6 31. Rd8 Rxd8 32. Rxd8+ Kh7 33. Nd1 Qxe4 34. Qe7 hxg5 35. hxg5 Qf5 36. a3 Nf4 37. Rd7 Nh3 38. Qxf7 Qxf7 39. Rxf7 Nxg5 40. Ra7 Nf3 41. c3 e5 42. Nf2 Kh6 43. Kc2 g5 44. Kd1 Nh2 45. Ke2 g4 46. Ne4 Kg6 47. Kf2 Bh6 48. Rxa6+ Kh5 49. Ng3+ Kg5 50. Rb6 Nf3 51. Rxb5 Kf4 52. Rb7 Kg5 53. Rc7 Nd2 1-0

[Event "Centrocoop June op-A"]
[Site "Eforie Nord "]
[Date "1998.??.??"]
[Round "?"]
[White "Kazacov, P."]
[Black "Nagaev, Serghei"]
[Result "1-0"]
[WhiteElo "2210"]
[BlackElo "2000"]
[PlyCount "47"]
[EventDate "1998.06.??"]
[EventType "swiss"]
[EventRounds "11"]
[EventCountry "ROU"]
[SourceTitle "EXT 2000"]
[Source "ChessBase"]
[SourceDate "1999.11.16"]
[SourceVersion "1"]
[SourceVersionDate "1999.11.16"]
[SourceQuality "1"]

1. e4 d6 2. d4 g6 3. Nf3 Bg7 4. Nc3 Nf6 5. h3 0-0 6. Be3 b6 7. Qd2 Bb7 8. Bd3 c5 9. 0-0-0 Nbd7 10. Bh6 cxd4 11. Nxd4 Nc5 12. Bxg7 Kxg7 13. f3 a6 14. g4 b5 15. h4 e5 16. Nb3 h5 17. g5 Ne8 18. f4 b4 19. Nd5 Bxd5 20. exd5 Nxb3+ 21. cxb3 a5 22. Bc4 exf4 23. Qxf4 Ra7 24. Qd4+ 1-0

[Event "Techirghiol op-A"]
[Site "Techirghiol"]
[Date "1998.??.??"]
[Round "?"]
[White "Nagaev, Serghei"]
[Black "Moscaliuc, Alexandru"]
[Result "1/2-1/2"]
[WhiteElo "1750"]
[BlackElo "2195"]
[PlyCount "121"]
[EventDate "1998.09.??"]
[EventType "swiss"]
[EventRounds "9"]
[EventCountry "ROU"]
[SourceTitle "EXT 2000"]
[Source "ChessBase"]
[SourceDate "1999.11.16"]
[SourceVersion "1"]
[SourceVersionDate "1999.11.16"]
[SourceQuality "1"]

1. e4 e5 2. Nf3 Nc6 3. Bc4 Nf6 4. d3 Be7 5. 0-0 d6 6. c3 0-0 7. h3 Na5 8. Bb5 a6 9. Ba4 b5 10. Bc2 c5 11. d4 Qc7 12. d5 c4 13. a4 Bd7 14. axb5 axb5 15. Be3 Rfb8 16. Nbd2 b4 17. Nh2 bxc3 18. bxc3 Nb7 19. Ba7 Rc8 20. Qe2 Nc5 21. Bxc5 Qxc5 22. Rfb1 Ra3 23. Rxa3 Qxa3 24. Nxc4 Qxc3 25. Ne3 g6 26. Rb7 Rc7 27. Qa6 Nh5 28. Rxc7 Qxc7 29. Ba4 Qc1+ 30. Nhf1 Bxa4 31. Qxa4 Bg5 32. Qd1 Qb2 33. g3 Qb4 34. Qd3 Nf6 35. Nd2 Nd7 36. Nec4 Nc5 37. Qc2 Bxd2 38. Nxd2 Qd4 39. Nc4 Nxe4 40. Nb6 Kg7 41. Nd7 h5 42. h4 f5 43. Nb8 Qb6 44. Nc6 Nxg3 45. Nd8 Ne2+ 46. Qxe2 Qxd8 47. Qc4 f4 48. f3 Qb6+ 49. Kg2 Qc5 50. Qb3 Qc7 51. Qa4 Qe7 52. Qc2 g5 53. Qf5 Qf6 54. Qd7+ Kg6 55. Qe8+ Qf7 56. Qc6 Qe7 57. hxg5 Qxg5+ 58. Kf1 Qf6 59. Qc8 h4 60. Qg4+ Kh6 61. Qd7 1/2-1/2

[Event "Techirghiol op-A"]
[Site "Techirghiol"]
[Date "1998.??.??"]
[Round "?"]
[White "Nagaev, Serghei"]
[Black "Tufa, Mihai"]
[Result "1/2-1/2"]
[WhiteElo "1750"]
[BlackElo "2220"]
[PlyCount "97"]
[EventDate "1998.09.??"]
[EventType "swiss"]
[EventRounds "9"]
[EventCountry "ROU"]
[SourceTitle "EXT 2000"]
[Source "ChessBase"]
[SourceDate "1999.11.16"]
[SourceVersion "1"]
[SourceVersionDate "1999.11.16"]
[SourceQuality "1"]

1. e4 c5 2. Nf3 Nc6 3. Bb5 e6 4. 0-0 a6 5. Bxc6 bxc6 6. e5 f6 7. d4 cxd4 8. Qxd4 fxe5 9. Nxe5 Qc7 10. Bf4 d6 11. Nc4 e5 12. Nxe5 dxe5 13. Bxe5 Qd7 14. Qc3 Kf7 15. Nd2 Nf6 16. Bxf6 gxf6 17. Ne4 Be7 18. Rad1 Qc7 19. Rd6 Be6 20. Rxc6 Qe5 21. Qxe5 fxe5 22. f4 Bd5 23. fxe5+ Ke8 24. Nf6+ Bxf6 25. Rcxf6 Ke7 26. b3 Rhg8 27. g3 Rg5 28. c4 Bg8 29. R1f5 Rxf5 30. Rxf5 a5 31. Rf6 a4 32. Rb6 axb3 33. axb3 Ra2 34. c5 Bd5 35. b4 Rg2+ 36. Kf1 Rxh2 37. c6 Rc2 38. b5 Ke6 39. Rb7 h5 40. Rh7 Bf3 41. c7 Kxe5 42. b6 Kd4 43. Rh8 Bb7 44. Rb8 Ba6+ 45. Kg1 Ke3 46. b7 Bxb7 47. Rxb7 Kf3 48. Rb3+ Kg4 49. Rb2 1/2-1/2

[Event "Centrocoop June op-A"]
[Site "Eforie Nord "]
[Date "1998.??.??"]
[Round "?"]
[White "Vezdeutsan, Viorel"]
[Black "Nagaev, Serghei"]
[Result "1-0"]
[WhiteElo "2240"]
[BlackElo "2000"]
[PlyCount "109"]
[EventDate "1998.06.??"]
[EventType "swiss"]
[EventRounds "11"]
[EventCountry "ROU"]
[SourceTitle "EXT 2000"]
[Source "ChessBase"]
[SourceDate "1999.11.16"]
[SourceVersion "1"]
[SourceVersionDate "1999.11.16"]
[SourceQuality "1"]

1. e4 d6 2. d4 Nf6 3. f3 Nbd7 4. c4 e5 5. d5 g6 6. Nc3 Bg7 7. Bd3 0-0 8. Nge2 Ne8 9. Be3 f5 10. Qd2 Nc5 11. Bc2 fxe4 12. fxe4 Qh4+ 13. g3 Qh3 14. 0-0-0 a6 15. Ng1 Qh5 16. b4 Nd7 17. Re1 Ndf6 18. h3 h6 19. Bd1 Bg4 20. hxg4 Qxh1 21. Bf3 Qxf3 22. Nxf3 Nxg4 23. Nh4 Kh7 24. Bg1 h5 25. Kb2 Bh6 26. Qd3 Nef6 27. c5 Rf7 28. cxd6 cxd6 29. b5 Nd7 30. Rf1 Ndf6 31. Ng2 Rc7 32. Bb6 Rd7 33. Ne3 Kg7 34. Nc4 Nh2 35. Rh1 Nhg4 36. Re1 Bg5 37. Bg1 Rh8 38. Nb6 Rf7 39. bxa6 bxa6 40. Qxa6 h4 41. gxh4 Rxh4 42. Nc4 Rd7 43. a4 Rh3 44. Qc6 Bh4 45. Rf1 Rd8 46. Bb6 Rg8 47. Nxd6 Rh2+ 48. Kb3 Rh3 49. a5 Bg5 50. Qb7+ Kh6 51. Nf7+ Kh5 52. Nxg5 Kxg5 53. d6 Rh7 54. Qxh7 Nxh7 55. d7 1-0